000
00338nam a2200133 4500
999
_c
11806
_d
11806
003
OSt
005
20230727165252.0
008
230727b ||||| |||| 00| 0 eng d
100
_a
L R Vagale
245
_a
A Suggestive bibliography on town and regional planning
260
_a
IBADAN
_b
The polytechnic
300
_a
83P.;
942
_2
ddc